| 000 | 00671nam a22001577a 4500 | ||
|---|---|---|---|
| 008 | 160525b xxu||||| |||| 00| 0 eng d | ||
| 082 |
_22012 _aUT 0349 _bC14 |
||
| 100 |
_98949 _aCamallere, Rojeamar A. |
||
| 245 |
_aMarketing mix and sales volume of concrete products in the selected hardware services outlet in Digos City/ _cRojeamar A. Camallere, Jastine Ann R. Casayas and Gilbert G. Baylon Jr. |
||
| 260 |
_aDigos City: _bUMDC _cMarch 2012. |
||
| 300 |
_a45 pages; _c28 cm. |
||
| 650 | 0 |
_98948 _aBusiness Administration _vMarketing Management _xUndergraduate thesis. |
|
| 700 |
_98946 _aCasayas, Jastine Ann R. |
||
| 700 |
_98947 _aBaylon, Gilbert G. _bJr. |
||
| 942 |
_2ddc _cUT |
||
| 999 |
_c2709 _d2709 |
||